| 000 | 01741 a2200193 4500 | ||
|---|---|---|---|
| 020 | _a0273602632 | ||
| 020 | _a9780273602637 | ||
| 082 | 0 | 4 | _a657 |
| 090 |
_c2260 _d2260 |
||
| 100 | 1 | _aOwen, Gareth. | |
| 245 | 1 | 0 |
_aAccounting for hospitality, tourism and leisure / _cGareth Owen. |
| 260 |
_a[S.l.] : _bTrans-Atlantic Publications, _c1994. |
||
| 300 |
_a352 p. ; _c25 cm. |
||
| 500 | _aPaperback. | ||
| 520 | _aThis text presents the fundemental principles of financial and management accounting, introduces the specific techniques and provides examples pertinent to students in the fields of hospitality, tourism and leisure. Illustrations and case studies aim to help students understand the purpose and process of the accounting function and assignments and multiple-choice questions at the end of each section allow readers to assess the depth of their knowledge. The text aims to help students plan, prepare and use financial information to assist in effective business management and the decision-making process; and to evaluate and analyze business profitability, liquidity and vulnerability. Key features contained in this book include: worked examples to all problems; the combination of financial and management accounting; practical examples; and objectives, mini-cases and a point-by-point summary of basic concepts learned in each chapter. Students of hospitality, tourism and leisure taking financial and management accounting at undergraduate and postgraduate levels should find this work of interest. | ||
| 856 | 4 | 0 |
_3Amazon.com _uhttp://www.amazon.com/exec/obidos/ASIN/0273602632/chopaconline-20 |
| 856 | 4 | 0 |
_3Amazon customer reviews _uhttp://www.chopac.org/cgi-bin/tools/azrev.pl?q=0273602632 |
| 942 |
_aNBS _cBK _k657 OWE |
||
| 999 |
_c344762 _d344762 |
||